MARC

LEADER 00000nam0a2200000 4500
001 66550
005 20231101212251.0
035 |a (RuTPU)RU\TPU\book\70741 
090 |a 66550 
100 |a 20040826d1981 km y0rusy50 ca 
101 0 |a rus 
102 |a RU 
105 |a a z 001zy 
200 1 |a Измерительные генераторы в ядерной электронике  |f Е. А. Мелешко, А. А. Митин 
210 |a Москва  |c Атомиздат  |d 1981 
215 |a 256 с.  |c ил. 
320 |a Библиогр.: с. 245-254. 
606 1 |a Генераторы импульсные  |x (физика)  |2 stltpush  |3 (RuTPU)RU\TPU\subj\5699  |9 33707 
610 1 |a ядерная физика 
610 1 |a ядерная электроника 
610 1 |a измерительные генераторы 
610 1 |a спектрометрия 
610 1 |a аппаратура 
610 1 |a стабильное напряжение 
610 1 |a временные анализаторы 
610 1 |a импульсы 
675 |a 539.1.075:621.374  |v 3 
700 1 |a Мелешко  |b Е. А.  |g Евгений Алексеевич 
701 1 |a Митин  |b А. А.  |g Александр Александрович 
801 1 |a RU  |b 63413507  |c 20040826  |g PSBO 
801 2 |a RU  |b 63413507  |c 20180906  |g PSBO 
942 |c BK